[Event "DVM U14 2016"]
[Site "Düsseldorf GER"]
[Date "2016.12.28"]
[Round "4"]
[White "Garbuz, Vitaliy"]
[Black "Suvorov, Alexander"]
[Result "0-1"]
[Termination "normal"]
[Board "1.1"]
[WhiteElo "1865"]
[BlackElo "2149"]
[WhiteClock "00:01:07"]
[BlackClock "00:39:36"]
[WhiteTeam "SF Brackel"]
[BlackTeam "SG Porz"]
[PlyCount "120"]
[WhiteFideId "12990710"]
[BlackFideId "12977063"]
[EventCountry "GER"]
[EventRounds "7"]
[EventType "team-swiss"]
[EventDate "2016.12.26"]

1. e4 {[%clk 1:30:55]} c6 {[%clk 1:30:56]} 2. d4 {[%clk 1:31:13]} d5 {[%clk
1:31:22]} 3. Nc3 {[%clk 1:31:35]} dxe4 {[%clk 1:31:49]} 4. Nxe4 {[%clk
1:31:58]} Bf5 {[%clk 1:32:15]} 5. Ng3 {[%clk 1:32:20]} Bg6 {[%clk 1:32:42]} 6.
Bc4 {[%clk 1:32:27]} e6 {[%clk 1:31:53]} 7. N1e2 {[%clk 1:32:47]} Bd6 {[%clk
1:29:58]} 8. h4 {[%clk 1:31:28]} h6 {[%clk 1:23:52]} 9. Nf4 {[%clk 1:30:29]}
Ne7 {[%clk 1:18:58]} 10. h5 {[%clk 1:09:39]} Bf5 {[%clk 1:16:48]} 11. O-O
{[%clk 1:05:52]} Nd7 {[%clk 1:07:00]} 12. Re1 {[%clk 1:00:15]} Qc7 {[%clk
1:00:45]} 13. Nxf5 {[%clk 0:44:54]} exf5 {[%clk 0:56:07]} 14. Qf3 {[%clk
0:29:29]} Nf6 {[%clk 0:50:39]} 15. Nd3 {[%clk 0:22:29]} O-O {[%clk 0:37:45]}
16. Ne5 {[%clk 0:21:24]} Rae8 {[%clk 0:33:50]} 17. Bd3 {[%clk 0:15:01]} c5
{[%clk 0:30:41]} 18. Be3 {[%clk 0:11:58]} Ned5 {[%clk 0:26:06]} 19. Nc4 {[%clk
0:10:19]} f4 {[%clk 0:20:10]} 20. Nxd6 {[%clk 0:10:28]} Qxd6 {[%clk 0:20:30]}
21. dxc5 {[%clk 0:09:59]} Qe5 {[%clk 0:20:41]} 22. Bd2 {[%clk 0:09:41]} Qxb2
{[%clk 0:19:46]} 23. a3 {[%clk 0:06:27]} Qd4 24. Rab1 {[%clk 0:04:51]} Rxe1+
{[%clk 0:18:42]} 25. Rxe1 {[%clk 0:04:53]} Rd8 {[%clk 0:17:51]} 26. Rb1 {[%clk
0:04:41]} Nd7 27. Qe4 {[%clk 0:04:01]} Qxe4 {[%clk 0:14:16]} 28. Bxe4 {[%clk
0:04:28]} Nxc5 {[%clk 0:14:31]} 29. Bxd5 {[%clk 0:04:29]} Rxd5 {[%clk 0:14:58]}
30. Bxf4 {[%clk 0:04:33]} Rxh5 {[%clk 0:14:37]} 31. Re1 {[%clk 0:03:14]} Rd5
{[%clk 0:14:18]} 32. Be3 {[%clk 0:02:28]} Ne6 {[%clk 0:13:31]} 33. Bxa7 {[%clk
0:02:22]} Ra5 {[%clk 0:13:48]} 34. Be3 {[%clk 0:02:35]} Rxa3 {[%clk 0:14:10]}
35. Rb1 {[%clk 0:02:30]} Rc3 {[%clk 0:14:31]} 36. Rxb7 {[%clk 0:02:45]} Rxc2
{[%clk 0:14:45]} 37. g3 {[%clk 0:02:03]} Rc8 {[%clk 0:14:40]} 38. Kg2 {[%clk
0:01:42]} g5 {[%clk 0:13:17]} 39. Rd7 {[%clk 0:01:18]} Kg7 {[%clk 0:13:25]} 40.
Rd5 {[%clk 0:01:13]} Rc2 {[%clk 0:12:55]} 41. Rd2 {[%clk 0:01:22]} Rc4 {[%clk
0:12:04]} 42. Rd5 {[%clk 0:29:54]} Kg6 {[%clk 0:42:21]} 43. Rd6 {[%clk
0:27:50]} h5 {[%clk 0:42:03]} 44. Rb6 {[%clk 0:16:00]} Re4 {[%clk 0:40:11]} 45.
Kf3 {[%clk 0:15:15]} Re5 {[%clk 0:40:29]} 46. Rb4 {[%clk 0:15:02]} f6 {[%clk
0:39:36]} 47. Rc4 {[%clk 0:13:47]} Ng7 {[%clk 0:39:38]} 48. Rc5 {[%clk
0:13:35]} Re8 {[%clk 0:39:48]} 49. Rc4 {[%clk 0:11:00]} Nf5 {[%clk 0:39:34]}
50. Bd2 {[%clk 0:10:20]} Rd8 {[%clk 0:38:50]} 51. Bc3 {[%clk 0:09:38]} Rd3+
{[%clk 0:39:04]} 52. Ke2 {[%clk 0:09:44]} Rd6 {[%clk 0:39:14]} 53. g4 {[%clk
0:08:45]} Re6+ {[%clk 0:38:57]} 54. Kd2 {[%clk 0:08:52]} Nd6 {[%clk 0:38:59]}
55. gxh5+ {[%clk 0:08:51]} Kxh5 {[%clk 0:39:26]} 56. Rc7 {[%clk 0:01:52]} Ne4+
{[%clk 0:39:47]} 57. Kd3 {[%clk 0:01:31]} Nxf2+ {[%clk 0:40:09]} 58. Kd4 {[%clk
0:01:53]} Rd6+ {[%clk 0:39:26]} 59. Kc4 {[%clk 0:01:49]} g4 {[%clk 0:39:36]}
60. Bd4 {[%clk 0:01:07]} g3 0-1

[Event "DVM U14 2016"]
[Site "Düsseldorf GER"]
[Date "2016.12.28"]
[Round "4"]
[White "Suvorov, Luca"]
[Black "Kartsev, Nikolaj"]
[Result "1/2-1/2"]
[Termination "normal"]
[Board "1.2"]
[WhiteElo "2039"]
[BlackElo "1739"]
[WhiteClock "00:14:10"]
[BlackClock "00:00:34"]
[WhiteTeam "SG Porz"]
[BlackTeam "SF Brackel"]
[PlyCount "81"]
[WhiteFideId "12977071"]
[BlackFideId "12939536"]
[EventCountry "GER"]
[EventRounds "7"]
[EventType "team-swiss"]
[EventDate "2016.12.26"]

1. d4 {[%clk 1:30:59]} Nf6 {[%clk 1:30:56]} 2. c4 {[%clk 1:31:19]} e6 {[%clk
1:31:15]} 3. Nf3 {[%clk 1:31:45]} b6 {[%clk 1:31:41]} 4. g3 {[%clk 1:31:58]}
Bb7 {[%clk 1:32:02]} 5. Bg2 {[%clk 1:32:23]} Bb4+ {[%clk 1:32:17]} 6. Nbd2
{[%clk 1:28:33]} O-O {[%clk 1:31:17]} 7. a3 {[%clk 1:27:27]} Be7 {[%clk
1:31:36]} 8. O-O {[%clk 1:27:16]} c5 {[%clk 1:30:47]} 9. e3 {[%clk 1:23:30]} d5
{[%clk 1:30:11]} 10. dxc5 {[%clk 1:22:58]} bxc5 {[%clk 1:29:58]} 11. b3 {[%clk
1:21:17]} Ne4 {[%clk 1:25:53]} 12. cxd5 {[%clk 1:12:48]} Bf6 {[%clk 1:22:32]}
13. Nxe4 {[%clk 1:05:18]} Bxa1 {[%clk 1:22:52]} 14. Nxc5 {[%clk 0:56:21]} Bxd5
{[%clk 1:18:49]} 15. e4 {[%clk 0:52:44]} Bc6 {[%clk 1:12:49]} 16. Qe2 {[%clk
0:51:29]} Bf6 {[%clk 1:05:13]} 17. Rd1 {[%clk 0:50:15]} Qc7 {[%clk 1:03:48]}
18. Be3 {[%clk 0:44:26]} Rd8 {[%clk 0:52:42]} 19. Rc1 {[%clk 0:41:07]} Nd7
{[%clk 0:51:13]} 20. e5 {[%clk 0:28:14]} Be7 {[%clk 0:44:14]} 21. Nxe6 {[%clk
0:15:32]} fxe6 {[%clk 0:44:08]} 22. Nd4 {[%clk 0:15:40]} Nxe5 {[%clk 0:40:55]}
23. Bxc6 {[%clk 0:11:54]} Nxc6 {[%clk 0:34:37]} 24. Rxc6 {[%clk 0:05:20]} Qb7
{[%clk 0:32:06]} 25. Rxe6 {[%clk 0:04:43]} Rac8 {[%clk 0:31:11]} 26. b4 {[%clk
0:03:56]} Rxd4 {[%clk 0:30:56]} 27. Bg5 {[%clk 0:01:27]} Rd7 {[%clk 0:28:01]}
28. h4 {[%clk 0:00:42]} Rcd8 {[%clk 0:14:39]} 29. Kh2 {[%clk 0:00:45]} Re8
{[%clk 0:11:15]} 30. h5 {[%clk 0:00:36]} h6 {[%clk 0:07:58]} 31. Bxh6 {[%clk
0:00:34]} Qd5 {[%clk 0:02:19]} 32. Qg4 {[%clk 0:00:39]} Qd4 {[%clk 0:01:39]}
33. Re4 {[%clk 0:00:38]} Qxf2+ {[%clk 0:01:41]} 34. Kh1 {[%clk 0:00:39]} Qf7
{[%clk 0:01:34]} 35. Bxg7 {[%clk 0:00:35]} Qxg7 {[%clk 0:01:20]} 36. Qxd7
{[%clk 0:01:01]} Qf7 {[%clk 0:00:38]} 37. Kg2 {[%clk 0:00:39]} Kh8 {[%clk
0:00:38]} 38. Qd4+ {[%clk 0:00:37]} Kh7 {[%clk 0:00:41]} 39. Qd7 {[%clk
0:00:38]} Qa2+ {[%clk 0:00:49]} 40. Kh3 {[%clk 0:00:41]} Qf7 {[%clk 0:00:34]}
41. Rf4 {[%clk 0:14:10]} 1/2-1/2

[Event "DVM U14 2016"]
[Site "Düsseldorf GER"]
[Date "2016.12.28"]
[Round "4"]
[White "Kracht, Raphael"]
[Black "Sewald, Richard"]
[Result "1/2-1/2"]
[Termination "normal"]
[Board "1.3"]
[WhiteElo "1639"]
[BlackElo "1710"]
[WhiteClock "00:04:02"]
[BlackClock "00:08:40"]
[WhiteTeam "SF Brackel"]
[BlackTeam "SG Porz"]
[PlyCount "76"]
[WhiteFideId "16214382"]
[BlackFideId "12983586"]
[EventCountry "GER"]
[EventRounds "7"]
[EventType "team-swiss"]
[EventDate "2016.12.26"]

1. e4 {[%clk 1:30:59]} c5 {[%clk 1:30:55]} 2. d4 {[%clk 1:29:17]} cxd4 {[%clk
1:31:18]} 3. c3 {[%clk 1:29:43]} Nf6 {[%clk 1:31:43]} 4. e5 {[%clk 1:30:10]}
Nd5 {[%clk 1:31:57]} 5. Nf3 {[%clk 1:30:37]} d6 {[%clk 1:31:37]} 6. cxd4 {[%clk
1:23:23]} Nc6 {[%clk 1:31:13]} 7. exd6 {[%clk 1:19:36]} Qxd6 {[%clk 1:31:08]}
8. Nc3 {[%clk 1:18:55]} Bg4 {[%clk 1:27:50]} 9. Be2 {[%clk 1:17:40]} e6 {[%clk
1:25:23]} 10. h3 {[%clk 1:14:46]} Bh5 {[%clk 1:23:44]} 11. O-O {[%clk 1:14:14]}
Be7 {[%clk 1:22:58]} 12. Nb5 {[%clk 0:58:14]} Qd8 {[%clk 1:17:19]} 13. Ne5
{[%clk 0:58:25]} Bxe2 {[%clk 1:15:04]} 14. Qxe2 {[%clk 0:53:13]} Bf6 {[%clk
1:07:36]} 15. Rd1 {[%clk 0:48:28]} O-O {[%clk 1:07:54]} 16. Nxc6 bxc6 {[%clk
0:50:44]} 17. Nc3 {[%clk 0:47:19]} Qb6 {[%clk 0:50:44]} 18. Be3 {[%clk
0:35:10]} Rab8 {[%clk 0:44:12]} 19. Nxd5 cxd5 {[%clk 0:42:07]} 20. b3 {[%clk
0:27:26]} Rbc8 {[%clk 0:42:07]} 21. Qd2 {[%clk 0:26:54]} Rc6 {[%clk 0:41:26]}
22. Rac1 {[%clk 0:26:55]} Rfc8 {[%clk 0:41:08]} 23. Rc5 {[%clk 0:17:45]} Be7
{[%clk 0:39:52]} 24. Rxc6 {[%clk 0:17:11]} Rxc6 {[%clk 0:38:49]} 25. Rc1 {[%clk
0:17:15]} Qc7 {[%clk 0:37:50]} 26. Rxc6 {[%clk 0:17:29]} Qxc6 {[%clk 0:37:47]}
27. Qc1 {[%clk 0:17:51]} Qxc1+ {[%clk 0:37:49]} 28. Bxc1 {[%clk 0:18:19]} Bb4
{[%clk 0:37:38]} 29. Bb2 {[%clk 0:18:17]} Kf8 {[%clk 0:37:33]} 30. f3 {[%clk
0:16:09]} Ke7 {[%clk 0:37:32]} 31. Kf2 {[%clk 0:16:05]} Kd6 {[%clk 0:36:34]}
32. Ke2 {[%clk 0:15:04]} f6 {[%clk 0:32:51]} 33. Kd3 {[%clk 0:08:50]} e5 {[%clk
0:26:13]} 34. g4 {[%clk 0:08:16]} Ke6 {[%clk 0:22:09]} 35. Ke3 {[%clk 0:04:57]}
g5 {[%clk 0:17:02]} 36. Kd3 {[%clk 0:04:24]} a6 {[%clk 0:17:02]} 37. Ke3 {[%clk
0:04:24]} Kd6 {[%clk 0:17:02]} 38. Kd3 {[%clk 0:04:02]} Ke6 {[%clk 0:08:40]}
1/2-1/2

[Event "DVM U14 2016"]
[Site "Düsseldorf GER"]
[Date "2016.12.28"]
[Round "4"]
[White "Dietz, Florian"]
[Black "Pfreundt, Mathis"]
[Result "0-1"]
[Termination "normal"]
[Board "2.1"]
[WhiteElo "1922"]
[BlackElo "1898"]
[WhiteClock "00:08:56"]
[BlackClock "00:05:28"]
[WhiteTeam "Reideburger SV 90 Halle"]
[BlackTeam "Königsspringer SC"]
[PlyCount "92"]
[WhiteFideId "12939897"]
[BlackFideId "12967092"]
[EventCountry "GER"]
[EventRounds "7"]
[EventType "team-swiss"]
[EventDate "2016.12.26"]

1. e4 {[%clk 1:30:54]} c5 {[%clk 1:30:51]} 2. Nf3 {[%clk 1:31:16]} Nc6 {[%clk
1:31:12]} 3. d4 {[%clk 1:31:38]} cxd4 {[%clk 1:31:37]} 4. Nxd4 {[%clk 1:32:03]}
e5 {[%clk 1:31:57]} 5. Nb5 {[%clk 1:31:38]} d6 {[%clk 1:32:19]} 6. N1c3 {[%clk
1:31:31]} a6 {[%clk 1:32:38]} 7. Na3 {[%clk 1:31:52]} b5 {[%clk 1:33:03]} 8.
Nd5 {[%clk 1:31:44]} Nge7 {[%clk 1:32:35]} 9. Be3 {[%clk 1:28:35]} Nxd5 {[%clk
1:31:23]} 10. Qxd5 {[%clk 1:26:00]} Bb7 {[%clk 1:30:16]} 11. Qd2 {[%clk
1:24:44]} Be7 {[%clk 1:28:20]} 12. Bd3 {[%clk 1:22:34]} O-O {[%clk 1:27:57]}
13. O-O {[%clk 1:22:21]} Qd7 {[%clk 1:24:11]} 14. Rad1 {[%clk 1:21:55]} Nd8
{[%clk 1:07:44]} 15. c4 {[%clk 1:17:51]} Bc6 {[%clk 0:58:52]} 16. f4 {[%clk
1:04:05]} Ne6 {[%clk 0:54:58]} 17. Bb1 {[%clk 0:59:16]} Rfd8 {[%clk 0:53:36]}
18. Qf2 {[%clk 0:53:59]} Qe8 {[%clk 0:43:30]} 19. Qg3 {[%clk 0:47:14]} Bf6
{[%clk 0:35:16]} 20. f5 {[%clk 0:45:57]} Nd4 {[%clk 0:34:56]} 21. Qg4 {[%clk
0:43:27]} bxc4 {[%clk 0:32:57]} 22. Nxc4 {[%clk 0:43:05]} Bb5 {[%clk 0:32:06]}
23. Bd3 {[%clk 0:42:34]} Rab8 {[%clk 0:23:48]} 24. h4 {[%clk 0:35:28]} Kh8
{[%clk 0:17:42]} 25. b3 {[%clk 0:32:15]} Qe7 {[%clk 0:17:18]} 26. Bf2 {[%clk
0:30:31]} Rg8 {[%clk 0:14:14]} 27. Ne3 {[%clk 0:30:06]} Bc6 {[%clk 0:14:03]}
28. Bc4 {[%clk 0:27:00]} a5 {[%clk 0:13:23]} 29. Nd5 {[%clk 0:22:42]} Bxd5
{[%clk 0:13:46]} 30. Bxd5 {[%clk 0:22:22]} Rbc8 {[%clk 0:09:01]} 31. Bc4 {[%clk
0:21:03]} a4 {[%clk 0:08:50]} 32. Bxd4 {[%clk 0:18:49]} exd4 {[%clk 0:09:18]}
33. g3 {[%clk 0:17:59]} Rge8 {[%clk 0:08:58]} 34. Rfe1 {[%clk 0:18:08]} Qa7
{[%clk 0:08:49]} 35. Rd3 {[%clk 0:17:26]} Rc7 {[%clk 0:06:36]} 36. Kf1 {[%clk
0:10:48]} Qc5 {[%clk 0:04:44]} 37. Qh3 {[%clk 0:08:00]} Rce7 {[%clk 0:04:42]}
38. Qh1 {[%clk 0:08:05]} d5 {[%clk 0:04:16]} 39. Bxd5 {[%clk 0:08:03]} Qxd5
{[%clk 0:04:34]} 40. g4 {[%clk 0:07:35]} Rxe4 {[%clk 0:04:41]} 41. Rxe4 {[%clk
0:07:48]} Rxe4 {[%clk 0:04:18]} 42. Qh3 {[%clk 0:07:56]} Rf4+ {[%clk 0:04:20]}
43. Kg1 {[%clk 0:08:13]} Qe4 {[%clk 0:04:40]} 44. g5 {[%clk 0:08:07]} Qe1+
{[%clk 0:04:44]} 45. Kg2 {[%clk 0:08:33]} Rf2+ {[%clk 0:05:04]} 46. Kg3 {[%clk
0:08:56]} Qg1+ {[%clk 0:05:28]} 0-1

[Event "DVM U14 2016"]
[Site "Düsseldorf GER"]
[Date "2016.12.28"]
[Round "4"]
[White "Kipke, Kevin"]
[Black "Post, Hugo"]
[Result "1/2-1/2"]
[Termination "normal"]
[Board "2.2"]
[WhiteElo "1623"]
[BlackElo "1862"]
[WhiteClock "00:17:06"]
[BlackClock "00:26:10"]
[WhiteTeam "Königsspringer SC"]
[BlackTeam "Reideburger SV 90 Halle"]
[PlyCount "89"]
[WhiteFideId "12988332"]
[BlackFideId "12962490"]
[EventCountry "GER"]
[EventRounds "7"]
[EventType "team-swiss"]
[EventDate "2016.12.26"]

1. e4 {[%clk 1:30:59]} c5 {[%clk 1:30:49]} 2. Nf3 {[%clk 1:31:24]} Nc6 {[%clk
1:31:04]} 3. d4 {[%clk 1:31:50]} cxd4 {[%clk 1:31:28]} 4. Nxd4 {[%clk 1:32:15]}
g6 {[%clk 1:31:44]} 5. Nc3 Bg7 {[%clk 1:32:09]} 6. Be3 {[%clk 1:33:02]} Nf6
{[%clk 1:32:21]} 7. Bc4 {[%clk 1:33:24]} O-O {[%clk 1:32:32]} 8. Bb3 {[%clk
1:33:51]} a5 {[%clk 1:32:56]} 9. f3 {[%clk 1:29:39]} d6 {[%clk 1:22:58]} 10.
Qd2 {[%clk 1:29:35]} Bd7 {[%clk 1:22:34]} 11. h4 {[%clk 1:27:39]} a4 {[%clk
1:15:53]} 12. Bc4 {[%clk 1:19:25]} Ne5 {[%clk 1:13:59]} 13. Be2 {[%clk
1:16:59]} h5 {[%clk 1:10:27]} 14. Bh6 {[%clk 1:13:48]} Qa5 {[%clk 1:07:33]} 15.
Bxg7 {[%clk 1:09:34]} Kxg7 {[%clk 1:07:57]} 16. a3 {[%clk 1:07:17]} Rfc8 {[%clk
1:07:07]} 17. Rb1 {[%clk 0:46:33]} Nc4 {[%clk 1:04:57]} 18. Bxc4 {[%clk
0:41:45]} Rxc4 {[%clk 1:05:18]} 19. Nde2 {[%clk 0:37:05]} Rc5 {[%clk 0:57:13]}
20. Nf4 {[%clk 0:34:50]} Rac8 {[%clk 0:52:08]} 21. Nd3 {[%clk 0:33:10]} R5c7
{[%clk 0:52:08]} 22. Nb4 {[%clk 0:33:10]} Be6 {[%clk 0:48:40]} 23. Qe2 {[%clk
0:30:52]} d5 {[%clk 0:40:13]} 24. exd5 {[%clk 0:29:49]} Rxc3 {[%clk 0:37:24]}
25. bxc3 {[%clk 0:27:17]} Nxd5 {[%clk 0:37:44]} 26. Qe5+ {[%clk 0:20:00]} Kh7
27. Nxd5 {[%clk 0:16:42]} Bxd5 {[%clk 0:37:27]} 28. Rb4 {[%clk 0:16:42]} Rc5
{[%clk 0:25:16]} 29. Qd4 {[%clk 0:10:36]} e5 {[%clk 0:09:41]} 30. Qd3 {[%clk
0:10:36]} e4 {[%clk 0:09:41]} 31. fxe4 {[%clk 0:10:36]} Be6 {[%clk 0:09:41]}
32. O-O {[%clk 0:10:36]} Qc7 {[%clk 0:09:41]} 33. Rf3 {[%clk 0:10:36]} Bc4
{[%clk 0:09:41]} 34. Qd4 {[%clk 0:10:36]} b5 {[%clk 0:09:41]} 35. Rb1 {[%clk
0:10:36]} Be6 {[%clk 0:09:41]} 36. Qd3 {[%clk 0:09:27]} Bc4 {[%clk 0:09:41]}
37. Qd4 {[%clk 0:09:27]} Be6 {[%clk 0:09:41]} 38. Rbf1 {[%clk 0:09:27]} Rc4
{[%clk 0:09:41]} 39. Qd3 {[%clk 0:09:27]} Qc5+ {[%clk 0:09:41]} 40. Kh1 {[%clk
0:09:27]} Qc7 {[%clk 0:09:41]} 41. R1f2 {[%clk 0:09:27]} Kg8 {[%clk 0:09:41]}
42. Rd2 {[%clk 0:09:27]} Kg7 {[%clk 0:09:41]} 43. Qe3 {[%clk 0:09:27]} Qe7
{[%clk 0:09:41]} 44. Rd4 {[%clk 0:09:27]} Qxa3 {[%clk 0:26:10]} 45. Qf4 {[%clk
0:17:06]} 1/2-1/2

[Event "DVM U14 2016"]
[Site "Düsseldorf GER"]
[Date "2016.12.28"]
[Round "4"]
[White "Henning, Marvin"]
[Black "Samson, Valentin"]
[Result "1/2-1/2"]
[Termination "normal"]
[Board "2.3"]
[WhiteElo "1935"]
[BlackElo "1577"]
[WhiteClock "00:05:31"]
[BlackClock "00:09:21"]
[WhiteTeam "Reideburger SV 90 Halle"]
[BlackTeam "Königsspringer SC"]
[PlyCount "110"]
[WhiteFideId "12957399"]
[BlackFideId "36020656"]
[EventCountry "GER"]
[EventRounds "7"]
[EventType "team-swiss"]
[EventDate "2016.12.26"]

1. e4 {[%clk 1:30:56]} e6 {[%clk 1:30:59]} 2. d4 {[%clk 1:31:14]} d5 {[%clk
1:31:27]} 3. exd5 {[%clk 1:31:39]} exd5 {[%clk 1:31:50]} 4. Bd3 {[%clk
1:31:54]} Nf6 {[%clk 1:32:11]} 5. Bf4 {[%clk 1:32:10]} Bd6 {[%clk 1:31:57]} 6.
Ne2 {[%clk 1:32:23]} O-O {[%clk 1:31:55]} 7. O-O {[%clk 1:32:46]} Bg4 {[%clk
1:32:03]} 8. f3 {[%clk 1:32:24]} Bh5 {[%clk 1:32:23]} 9. Nbc3 {[%clk 1:31:52]}
Bg6 {[%clk 1:32:00]} 10. Re1 {[%clk 1:29:02]} Nc6 {[%clk 1:29:10]} 11. Bg5
{[%clk 1:27:05]} Be7 {[%clk 1:23:13]} 12. Bxg6 {[%clk 1:25:11]} fxg6 {[%clk
1:23:25]} 13. Nf4 {[%clk 1:24:50]} Qd7 {[%clk 1:18:15]} 14. Kh1 {[%clk
1:18:56]} Kh8 {[%clk 1:09:53]} 15. Qd2 {[%clk 1:16:17]} Ng8 {[%clk 0:58:56]}
16. Bxe7 {[%clk 1:08:58]} Ncxe7 {[%clk 0:57:14]} 17. Re2 {[%clk 1:06:38]} c6
{[%clk 0:54:38]} 18. Rae1 {[%clk 1:06:40]} Rae8 {[%clk 0:54:14]} 19. Nd1 {[%clk
1:05:24]} Nf6 {[%clk 0:52:19]} 20. Nf2 {[%clk 1:05:04]} Nf5 {[%clk 0:50:34]}
21. N2d3 {[%clk 1:02:18]} Rxe2 {[%clk 0:44:04]} 22. Rxe2 {[%clk 1:01:07]} b6
{[%clk 0:41:09]} 23. Ne5 {[%clk 1:01:01]} Qc8 {[%clk 0:40:46]} 24. Ne6 {[%clk
1:00:06]} Re8 {[%clk 0:40:15]} 25. Ng5 {[%clk 0:54:28]} Qa6 {[%clk 0:35:15]}
26. Qe1 {[%clk 0:49:26]} Kg8 {[%clk 0:33:27]} 27. Nd3 {[%clk 0:44:31]} Rxe2
{[%clk 0:32:58]} 28. Qxe2 {[%clk 0:45:00]} Qc8 {[%clk 0:33:19]} 29. c3 {[%clk
0:44:01]} h6 {[%clk 0:29:59]} 30. Nh3 {[%clk 0:44:03]} g5 {[%clk 0:29:33]} 31.
Nhf2 {[%clk 0:43:36]} Qe8 {[%clk 0:28:15]} 32. Ne5 {[%clk 0:43:33]} Nd7 {[%clk
0:26:38]} 33. Nfd3 {[%clk 0:40:02]} c5 {[%clk 0:24:10]} 34. Qf2 {[%clk
0:29:51]} Nxe5 {[%clk 0:21:19]} 35. Nxe5 {[%clk 0:30:14]} cxd4 {[%clk 0:21:31]}
36. cxd4 Qa4 {[%clk 0:21:47]} 37. b3 {[%clk 0:14:00]} Qxd4 {[%clk 0:21:32]} 38.
Qxd4 {[%clk 0:14:13]} Nxd4 {[%clk 0:22:01]} 39. Kg1 {[%clk 0:14:34]} Kf8 {[%clk
0:20:56]} 40. Kf2 {[%clk 0:14:50]} Ke7 {[%clk 0:20:45]} 41. Ke3 {[%clk
0:15:12]} Nf5+ {[%clk 0:21:06]} 42. Kd3 {[%clk 0:14:46]} Kd6 {[%clk 0:20:47]}
43. Ng4 {[%clk 0:13:57]} a5 {[%clk 0:19:40]} 44. g3 {[%clk 0:13:53]} b5 {[%clk
0:19:05]} 45. a3 {[%clk 0:14:10]} h5 {[%clk 0:18:12]} 46. Nf2 {[%clk 0:14:26]}
Kc5 {[%clk 0:17:06]} 47. Nh3 {[%clk 0:11:02]} g4 {[%clk 0:14:53]} 48. fxg4
{[%clk 0:11:26]} hxg4 {[%clk 0:15:18]} 49. Nf4 {[%clk 0:11:53]} Kd6 {[%clk
0:14:43]} 50. Ng6 {[%clk 0:10:00]} Ne7 {[%clk 0:13:00]} 51. Nf4 {[%clk
0:10:02]} g5 {[%clk 0:12:43]} 52. Ne2 {[%clk 0:09:39]} Kc5 {[%clk 0:12:05]} 53.
Nd4 {[%clk 0:09:40]} Nc6 {[%clk 0:09:51]} 54. Ne6+ {[%clk 0:05:29]} Kd6 {[%clk
0:09:15]} 55. Nxg5 {[%clk 0:05:31]} Ne5+ {[%clk 0:09:21]} 1/2-1/2

[Event "DVM U14 2016"]
[Site "Düsseldorf GER"]
[Date "2016.12.28"]
[Round "4"]
[White "Cinar, Alihan"]
[Black "Schlosser, Justin"]
[Result "1/2-1/2"]
[Termination "normal"]
[Board "2.4"]
[WhiteElo "1412"]
[BlackElo "1638"]
[WhiteClock "00:04:53"]
[BlackClock "00:19:17"]
[WhiteTeam "Königsspringer SC"]
[BlackTeam "Reideburger SV 90 Halle"]
[PlyCount "91"]
[WhiteFideId "16217608"]
[BlackFideId "12993700"]
[EventCountry "GER"]
[EventRounds "7"]
[EventType "team-swiss"]
[EventDate "2016.12.26"]

1. e4 {[%clk 1:30:58]} e5 {[%clk 1:30:51]} 2. Nf3 {[%clk 1:31:22]} Nc6 {[%clk
1:31:17]} 3. Bc4 {[%clk 1:31:44]} Bc5 {[%clk 1:31:41]} 4. b4 {[%clk 1:32:05]}
Bxb4 {[%clk 1:30:22]} 5. c3 {[%clk 1:32:27]} Be7 {[%clk 1:28:51]} 6. d4 {[%clk
1:32:00]} exd4 {[%clk 1:28:54]} 7. Qb3 {[%clk 1:22:33]} Na5 {[%clk 1:16:08]} 8.
Bxf7+ {[%clk 1:19:20]} Kf8 {[%clk 1:16:29]} 9. Qd5 {[%clk 0:37:42]} Nf6 {[%clk
0:45:24]} 10. Qxa5 {[%clk 0:37:16]} Kxf7 {[%clk 0:45:08]} 11. e5 {[%clk
0:31:50]} Ne8 12. Qd5+ {[%clk 0:22:28]} Kf8 {[%clk 0:34:44]} 13. Qxd4 {[%clk
0:21:42]} c6 {[%clk 0:29:41]} 14. O-O {[%clk 0:15:37]} Nc7 {[%clk 0:28:14]} 15.
Re1 {[%clk 0:13:05]} Ne6 {[%clk 0:27:51]} 16. Qe4 {[%clk 0:11:33]} Qe8 {[%clk
0:23:08]} 17. Na3 {[%clk 0:08:40]} Qf7 {[%clk 0:20:46]} 18. Nc2 {[%clk
0:07:05]} Ke8 {[%clk 0:19:31]} 19. Ncd4 {[%clk 0:05:40]} c5 {[%clk 0:15:18]}
20. Nxe6 {[%clk 0:05:23]} Qxe6 {[%clk 0:15:01]} 21. c4 {[%clk 0:04:35]} h6
{[%clk 0:15:10]} 22. Qd5 {[%clk 0:03:56]} Rf8 {[%clk 0:14:30]} 23. Ba3 {[%clk
0:03:28]} Qc6 {[%clk 0:13:21]} 24. Rad1 {[%clk 0:02:35]} a5 {[%clk 0:12:06]}
25. Qxc6 {[%clk 0:02:11]} bxc6 {[%clk 0:12:20]} 26. Nd2 {[%clk 0:02:27]} Rb8
{[%clk 0:10:35]} 27. Nb3 {[%clk 0:02:11]} Rf4 {[%clk 0:09:00]} 28. Rc1 {[%clk
0:02:07]} a4 {[%clk 0:08:42]} 29. Nxc5 {[%clk 0:02:06]} Bxc5 {[%clk 0:08:51]}
30. Bxc5 {[%clk 0:02:33]} Rb2 {[%clk 0:08:58]} 31. a3 {[%clk 0:02:53]} Ba6
{[%clk 0:08:12]} 32. g3 {[%clk 0:01:22]} Rxc4 {[%clk 0:08:25]} 33. Rxc4 {[%clk
0:01:51]} Bxc4 {[%clk 0:08:48]} 34. h4 {[%clk 0:00:34]} Kf7 {[%clk 0:07:55]}
35. Re4 {[%clk 0:00:34]} Rb1+ {[%clk 0:07:52]} 36. Kh2 {[%clk 0:01:00]} Bd5
{[%clk 0:07:50]} 37. Rf4+ {[%clk 0:01:05]} Ke6 {[%clk 0:07:29]} 38. g4 {[%clk
0:00:48]} Kxe5 {[%clk 0:06:11]} 39. Rxa4 {[%clk 0:00:50]} Rd1 {[%clk 0:05:30]}
40. f4+ {[%clk 0:00:35]} Ke6 {[%clk 0:05:26]} 41. Ra7 {[%clk 0:20:04]} Rd2+
{[%clk 0:32:13]} 42. Kg3 {[%clk 0:16:32]} Rd3+ {[%clk 0:28:53]} 43. Kh2 {[%clk
0:13:36]} Be4 {[%clk 0:26:30]} 44. a4 {[%clk 0:08:59]} Rd2+ {[%clk 0:24:45]}
45. Kh3 {[%clk 0:07:26]} g6 {[%clk 0:19:17]} 46. a5 {[%clk 0:04:53]} 1/2-1/2

[Event "DVM U14 2016"]
[Site "Düsseldorf GER"]
[Date "2016.12.28"]
[Round "4"]
[White "Engel, Luis"]
[Black "Staufenberger, Philipp"]
[Result "1-0"]
[Termination "normal"]
[Board "3.1"]
[WhiteElo "2371"]
[BlackElo "1793"]
[WhiteTeam "Hamburger SK"]
[BlackTeam "SG Königskinder Hohentübingen"]
[PlyCount "103"]
[WhiteFideId "12961523"]
[BlackFideId "12970883"]
[EventCountry "GER"]
[EventRounds "7"]
[EventType "team-swiss"]
[EventDate "2016.12.26"]

1. e4 e6 2. d4 d5 3. Nd2 Be7 4. Bd3 c5 5. dxc5 Bxc5 6. Ngf3 Nc6 7. Qe2 Nf6 8.
e5 Nd7 9. Nb3 Be7 10. c3 f6 11. exf6 Nxf6 12. Nbd4 Nxd4 13. Nxd4 Qb6 14. Bb5+
Bd7 15. Nxe6 Bxb5 16. Qxb5+ Qxb5 17. Nc7+ Kd7 18. Nxb5 Bc5 19. f3 Rhe8+ 20. Kd1
Re7 21. Re1 Rae8 22. Rxe7+ Rxe7 23. Bg5 Ke6 24. Nd4+ Kf7 25. Kd2 h6 26. Be3 Nd7
27. Nf5 Bxe3+ 28. Nxe3 Nb6 29. Re1 Rd7 30. Kd3 Na4 31. Kc2 Nb6 32. Nf5 Nc4 33.
b3 Na3+ 34. Kd3 Nb5 35. Nd4 Nd6 36. Re5 Ne8 37. a4 Nc7 38. g3 Kf6 39. Rf5+ Ke7
40. h4 g6 41. Re5+ Kf6 42. Re3 a6 43. a5 Kf7 44. b4 Rd6 45. g4 Kf6 46. Re2 Rd7
47. f4 Kf7 48. Re5 Kf6 49. h5 Kf7 50. hxg6+ Kxg6 51. Ne6 Nxe6 52. Rxe6+ 1-0